000 01085nam a2200241Ia 4500
003 GCL
008 140319s9999 xx 000 0 ara d
020 _a5034218977
040 _aGCL /
_cGCL
082 0 4 _a011.0095691
_bر ك
100 1 _aرضا صبحى الوزيرى
245 1 0 _aكشاف القدس :
_bقائمة ببليوجرافية عن كل ما كتب عن مدينة القدس خلال الفترة من يناير 1967 حتى ديسمبر 2000 فى بعض المجلات والجرائد المصرية /
_cرضا صبحى الوزيرى
700 1 _aعايدة حنفى
700 1 _aمحمد جلال غندور
260 _aالقاهرة :
_bدار الكتب والوثائق القومية ،
_c2004
300 _a460ص+44ص ؛
_c30سم
650 0 4 _aفلسطين المحتلة
650 0 4 _aالفدائيون الفلسطينيون
650 0 4 _aفلسطين - تاريخ - العصر الحديث - الاحتلال الصهيونى
650 0 4 _aالقدس - ببليوجرافيات
650 0 4 _aالقدس - كشافات
942 _2ddc
_cBK
999 _c7571
_d7571